2022 Movies Blurred - Statistics

General Stats
  • This quiz has been taken 7 times
  • The average score is 22 of 50
Answer Stats
Picture Answer % Correct
Avatar: The Way Of Water
100%
Jurassic World: Dominion
100%
Minions: The Rise Of Gru
100%
Thor: Love And Thunder
100%
Everything Everywhere All At Once
86%
Scream
86%
The Batman
86%
Turning Red
86%
A Man Called Otto
71%
Black Adam
71%
Black Panther: Wakanda Forever
71%
Doctor Strange In The Multiverse Of Madness
71%
Glass Onion: A Knives Out Mystery
71%
Lightyear
71%
Nope
71%
Puss In Boots: The Last Wish
71%
Hocus Pocus 2
57%
Lyle, Lyle, Crocodile
57%
Chip ‘n Dale: Rescue Rangers
43%
Dog
43%
Elvis
43%
Enola Holmes 2
43%
Fall
43%
Morbius
43%
Pinocchio
43%
Slumberland
43%
Violent Night
43%
Bros
29%
Father Stu
29%
Purple Hearts
29%
Where The Crawdads Sing
29%
Whitney Houston: I Wanna Dance With Somebody
29%
Beast
14%
Day Shift
14%
Death On The Nile
14%
Fistful Of Vengeance
14%
Me Time
14%
Paws Of Fury: The Legend Of Hank
14%
Prey
14%
See How They Run
14%
The Adam Project
14%
The Amazing Maurice
14%
The King’s Daughter
14%
The Northman
14%
The School For Good And Evil
14%
The Unbearable Weight Of Massive Talent
14%
The Woman King
14%
Three Thousand Years Of Longing
14%
Troll
14%
Unwelcome
14%
No matching quizzes found
Score Distribution
Percent of People with Each Score
Percentile by Number Answered
Your Score History
You have not taken this quiz